Countries with 1% of the World's Population - Statistics

General Stats
  • This quiz has been taken 55 times
    34 since last reset
  • The average score is 16 of 19
Answer Stats
Percentage Country % Correct
4.28% United States of America
96%
17.74% China
93%
18.54% India
93%
1.71% Mexico
93%
1.07% Turkey
93%
2.76% Brazil
89%
1.30% Egypt
89%
2.57% Nigeria
89%
2.63% Pakistan
89%
2.57% Bangladesh
85%
1.41% Ethiopia
85%
3.50% Indonesia
85%
1.89% Russia
85%
1.07% Iran
81%
1.40% Philippines
81%
1.10% Democratic Republic of the Congo
78%
1.08% Germany
78%
1.67% Japan
78%
1.26% Vietnam
74%
No matching quizzes found
Score Distribution
Percent of People with Each Score
Percentile by Number Answered
Your Score History
You have not taken this quiz since the last reset